书目信息 |
| 题名: |
半夜飞头记
|
|
| 作者: | 平江不肖生 著 | |
| 分册: | ||
| 出版信息: | 北京 团结出版社 2020 |
|
| 页数: | 186页 | |
| 开本: | 23cm | |
| 丛书名: | ||
| 单 册: | ||
| 中图分类: | I246.48 , I246.4 | |
| 科图分类: | ||
| 主题词: | 侠义小说--中国--现代 , 章回小说--中国--现代 , 长篇小说--中国--现代 | |
| 电子资源: | ||
| ISBN: | 978-7-5126-7704-3 | |
| 000 | 01058nam0 2200265 450 | |
| 001 | 2359725096 | |
| 005 | 20231205163538.18 | |
| 010 | @a978-7-5126-7704-3@dCNY36.00 | |
| 100 | @a20200911d2020 em y0chiy50 ea | |
| 101 | 0 | @achi |
| 102 | @aCN@b110000 | |
| 105 | @ay z 000ay | |
| 200 | 1 | @a半夜飞头记@Aban ye fei tou ji@f平江不肖生著 |
| 210 | @a北京@c团结出版社@d2020 | |
| 215 | @a186页@d23cm | |
| 300 | @a武侠宗师平江不肖生作品集 | |
| 330 | @a本书讲述:名妓陈珊珊爱慕王无怀,两人私订婚约。另一妓女白玉兰也对王颇有好感,却被王拒绝。不料王父也同时为自己的儿子订下婚约,王因家规甚严无法出门告知陈。珊珊在一义士的帮助下,逃出了虎口,并拜师学剑。王父在白玉兰的唆使下大闹儿子的婚礼,珊珊赶到,杀了白,还将与白私通的家仆的头和手砍下给王父看,王父恍然大悟。无怀和珊珊得以团聚。 | |
| 606 | 0 | @a侠义小说@y中国@z现代 |
| 606 | 0 | @a章回小说@y中国@z现代 |
| 606 | 0 | @a长篇小说@y中国@z现代 |
| 690 | @aI246.48@v5 | |
| 690 | @aI246.4@v4 | |
| 701 | 0 | @a平江不肖生@Aping jiang bu xiao sheng@f(1889-1957)@4著 |
| 801 | 0 | @aCN@b91MARC@c20200911 |
| 905 | @aZUCC@dI246.4@e19 | |
| 半夜飞头记/平江不肖生著.-北京:团结出版社,2020 |
| 186页;23cm |
| 武侠宗师平江不肖生作品集 |
| ISBN 978-7-5126-7704-3:CNY36.00 |
| 本书讲述:名妓陈珊珊爱慕王无怀,两人私订婚约。另一妓女白玉兰也对王颇有好感,却被王拒绝。不料王父也同时为自己的儿子订下婚约,王因家规甚严无法出门告知陈。珊珊在一义士的帮助下,逃出了虎口,并拜师学剑。王父在白玉兰的唆使下大闹儿子的婚礼,珊珊赶到,杀了白,还将与白私通的家仆的头和手砍下给王父看,王父恍然大悟。无怀和珊珊得以团聚。 |
| ● |
| 相关链接 |
|
|
|
正题名:半夜飞头记
索取号:I246.4/19
 
预约/预借
| 序号 | 登录号 | 条形码 | 馆藏地/架位号 | 状态 | 备注 |
| 1 | 2001267511 | 2001267511 | 辽宁北方(第一批)/辽宁北方(第一批)/323/ [索取号:I246.4/19] | 在馆 | |
| 2 | 2001267512 | 2001267512 | 辽宁北方(第一批)/辽宁北方(第一批)/323/ [索取号:I246.4/19] | 在馆 | |
| 3 | 2001267513 | 2001267513 | 辽宁北方(第一批)/辽宁北方(第一批)/323/ [索取号:I246.4/19] | 在馆 | |
| 4 | 2001267514 | 2001267514 | 辽宁北方(第一批)/辽宁北方(第一批)/323/ [索取号:I246.4/19] | 在馆 | |
| 5 | 2001267515 | 2001267515 | 辽宁北方(第一批)/辽宁北方(第一批)/323/ [索取号:I246.4/19] | 在馆 | |
| 6 | 2001267516 | 2001267516 | 辽宁北方(第一批)/辽宁北方(第一批)/323/ [索取号:I246.4/19] | 在馆 |